000
00257nam a2200109Ia 4500
005
20251222143247.0
008
251222s9999||||xx |||||||||||||| ||spa||
082
_a
240/M26
100
_a
Marmión, Columba
245
0
_a
Jesucristo Vida del Alma
942
_c
LIB
999
_c
14793
_d
14793